Theory and problems of modern algebra / (Record no. 27831)
[ view plain ]
| 000 -LEADER | |
|---|---|
| campo de control de longitud fija | 00544nam a2200193 i 4500 |
| 001 - NÚMERO DE CONTROL | |
| campo de control | 27831 |
| 003 - IDENTIFICADOR DE NÚMERO DE CONTROL | |
| campo de control | ES-MaACL |
| 005 - FECHA Y HORA DE LA ÚLTIMA TRANSACCIÓN | |
| campo de control | 20230906153721.0 |
| 007 - CAMPO FIJO DE DESCRIPCIÓN FÍSICA--INFORMACIÓN GENERAL | |
| campo de control de longitud fija | t| |
| 008 - DATOS DE LONGITUD FIJA--INFORMACIÓN GENERAL | |
| campo de control de longitud fija | 030115s1965 xxu ||||1| eng d |
| 100 1# - ENTRADA PRINCIPAL--NOMBRE DE PERSONA | |
| Nombre de persona | Ayres, Frank. |
| 9 (RLIN) | 24191 |
| 245 10 - MENCIÓN DEL TÍTULO | |
| Título | Theory and problems of modern algebra / |
| Mención de responsabilidad, etc. | by Frank Ayres. |
| 260 ## - PUBLICACIÓN, DISTRIBUCIÓN, ETC. | |
| Lugar de publicación, distribución, etc. | New York : |
| Nombre del editor, distribuidor, etc. | McGraw-Hill Book Co., |
| Fecha de publicación, distribución, etc. | [1965] |
| 300 ## - DESCRIPCIÓN FÍSICA | |
| Extensión | 244 p. ; |
| Dimensiones | 28 cm. |
| 490 1# - MENCIÓN DE SERIE | |
| Mención de serie | Schaum's Outline Series |
| 830 0# - PUNTO DE ACCESO ADICIONAL DE SERIE-TÍTULO UNIFORME | |
| Título uniforme | Schaum's Outline Series |
| 9 (RLIN) | 181149 |
| 852 ## - LOCALIZACIÓN | |
| Ubicación | ES-MaACL |
| Número de control de estantería | C-35654 |
| Estatus retirado | Estado de pérdida | Estado de daño | No para préstamo | Biblioteca de origen | Biblioteca actual | Ubicación en estantería | Fecha de adquisición | Fuente de adquisición | Total de préstamos | Signatura topográfica completa | Código de barras | Visto por última vez | Precio de reemplazo | Tipo de ítem Koha |
|---|---|---|---|---|---|---|---|---|---|---|---|---|---|---|
| Biblioteca del Ateneo de Madrid | Biblioteca del Ateneo de Madrid | Depósito 2 | 17/01/2008 | C-35654 | 1028737 | 23/02/2023 | 23/02/2023 | Libro impreso |
